000 01285nam a2200325 i 4500
001 42835
003 gtgccic
005 20251006145508.0
007 ta
008 251006| gt ||||| |||| 00| 0 spa d
040 _agtgccic
_bspa
_cgtgccic
_erda
084 _0C-88-2725
100 1 0 _aDávila Díaz, Edgar Gehovany
_d1988
_eAutor
245 1 0 _aDeterminación del esfuerzo de corte en mampostería de piedra /
_cEdgar Gehocany Dávila Díaz
264 1 _aGuatemala, Guatemala :
_bUniversidad de San Carlos de Guatemala, Facultad de Ingeniería,
_c1988.
300 _a27 páginas :
_bIlustraciones,
_c27 cm
336 _2rdacontenido
_aTexto
_btxt
337 _2rdamedio
_asin mediación
_bn
338 _2rdasoporte
_avolumen
_bnc
502 _aIngeniero Civil,
_bTesis de grado,
_cUSAC,
_d1988.
_oC19882725
504 _aBibliografía página 51-52
520 3 _aEl presente trabajo compara el comportamiento de muros construidos con los dos tipos de piedra, utilizándolas en muros que tienen las mismas dimensiones y el mismo tipo de mortero.
546 _aEspañol
650 1 4 _aAlbañilería
650 1 4 _aPiedras de construcción
650 1 4 _aMuros de piedra
700 1 0 _aQuiñonez de la Cruz, Francisco Javier
_eAsesor
942 _0tes
_cTES
_kC19882725
_n0
945 _aMC
999 _c2231
_d2231